Jazyk i kuľtura v uslovijach cifrovizacii obučenija RKI kollektivnaja monografija
Na minha lista:
| Autor Corporativo: | |
|---|---|
| Outros Autores: | , |
| Formato: | Livro |
| Idioma: | russo |
| Publicado em: |
Moskva
RGU im. A.N. Kosygina
2025
|
| Edição: | 1-e izdanije |
| Assuntos: | |
| Tags: |
Sem tags, seja o primeiro a adicionar uma tag!
|
MARC
| LEADER | 00000nam a2200000 4500 | ||
|---|---|---|---|
| 001 | 0307250 | ||
| 005 | 20250225105442.5 | ||
| 020 | |a 978-5-00181-725-3 | ||
| 041 | 0 | |a rus | |
| 044 | |a RU | ||
| 245 | 1 | 0 | |a Jazyk i kuľtura v uslovijach cifrovizacii obučenija RKI |b kollektivnaja monografija |c recenzenty: T. T. Čerkašina, M.A. Kabak |
| 250 | |a 1-e izdanije | ||
| 264 | 1 | |a Moskva |b RGU im. A.N. Kosygina |c 2025 | |
| 300 | |a 308 s. | ||
| 610 | 2 | 0 | |a jazyky cudzie |
| 610 | 2 | 0 | |a jazyk odborný |
| 610 | 2 | 0 | |a jazykoveda |
| 610 | 2 | 0 | |a komunikácia interkultúrna |
| 610 | 2 | 0 | |a vzdelávanie |
| 610 | 2 | 0 | |a vzdelávanie elektronické |
| 610 | 2 | 0 | |a pomôcky učebné |
| 700 | 1 | |a Čerkašina, T. T. | |
| 700 | 1 | |a Kabak, M.A. | |
| 110 | 2 | |a Jazyk i kuľtura v uslovijach cifrovizacii obučenija RKI. Konferencija | |